LEADER 01681nam a2200361 u 4500 001 000000020084 003 CaOOAMICUS 005 20070226110847.0 008 980225r19921951it u000 u ita u 035 $a10486657 040 $aBAV$bita$dPUL(R)$dBAV 041 0 $aita$alat 100 1 $aMercati, Angelo,$csac.,$d1870-1955.$0(OLS)http://pul/name/1131 245 10$aDall'Archivio Vaticano /$cAngelo Mercati. 260 $aCittą del Vaticano :$bBiblioteca apostolica vaticana,$c1951. 300 $a119 p. ;$c25 cm 490 1 $aStudi e testi ;$v157 500 $aRistampa anastatica. 504 $aInclude bibliografia. 505 0 $aI. Una corrispondenza fra curiali della prima metą del Quattrocento -- II. Diarii di concistori del pontificato di Adriano VI. 610 24$aPapi (1522-1523 : Hadrianus PP. VI).$0(OLS)http://pul/subject/13400 650 4$aChiesa$xStoria$yMedioevo, 600-1500$xFonti.$0(OLS)http://pul/subject/7767 710 2 $aBiblioteca apostolica vaticana.$0(OLS)http://pul/name/211 710 2 $aArchivio segreto vaticano.$0(OLS)http://pul/name/210 830 0$aStudi e testi (Biblioteca apostolica vaticana) ;$v157.$0(OLS)http://pul/title/1077 850 $aPUL 852 $aPUL$W1$xDP1 Cons. Gen., Altre Classi 1$y22$m158 F 157$j28155$nBK-PRI$b $qStampati$B28155$CPULBib$Z2$F28155 $H $81 941 1 $a8 960 $aHadrianus PP.$bVI,$d1459-1523$913400 960 $aHadrianus PP.$bVI,$d1459-1523$913400 961 $aINV: 74746 996 $6245$aDall'Archivio Vaticano$9(OLS)http://pul/title/28350 996 $6260$aCittą del Vaticano :$bBiblioteca apostolica vaticana$9(OLS)http://pul/publisher/50026 LEADER 01093nam a2200253 u 4500 001 000000086370 003 CaOOAMICUS 005 20070226124306.0 008 050928s1941 it af u000 u ita u 035 $a11060590 040 $aPUL(R)$bita 100 1 $aPanzini, Alfredo,$d1863-1939.$0(OLS)http://pul/name/17999 245 13$aIl melograno :$bantologia italiana /$cAlfredo Panzini ; ampliata e rinnovata da Ranieri Allulli e Carlo Saggio. 250 $a5. ed. 260 $aVerona :$bA. Mondadori,$c1941. 300 $av. <2- >, c. di tav. :$bill. ;$c20 cm 650 4$aLetteratura italiana$xAntologie.$0(OLS)http://pul/subject/6061 700 1 $aSaggio, Carlo.$0(OLS)http://pul/name/41950 700 1 $aAllulli, Ranieri.$0(OLS)http://pul/name/54514 850 $aPUL 852 $aPUL$W1$xDP1 Fondo Cecchetti$y53$m294 E 18(2)$j109678$nBK-PRI$b $qFondi$B109678$CPULBib$Z2$F109678 $HPUL3760 $81 941 1 $a1 996 $6245$aIl melograno :$bantologia italiana$9(OLS)http://pul/title/111940 996 $6260$aVerona :$bA. Mondadori$9(OLS)http://pul/publisher/54349